पल्लीपार/ (Record no. 205828)

MARC details
000 -LEADER
fixed length control field 00754nam a22002057a 4500
005 - DATE AND TIME OF LATEST TRANSACTION
control field 20240919140634.0
010 ## - LCCN (DPL NO)
LC control number HIN-128436
020 ## - INTERNATIONAL STANDARD BOOK NUMBER
International Standard Book Number 9789392228421
Terms of availability 1249.00
035 ## - SYSTEM CONTROL NUMBER
System control number HN-100782
037 ## - SOURCE OF ACQUISITION
Source of stock number/acquisition DBAD
082 ## - DEWEY DECIMAL CLASSIFICATION NUMBER
Classification number
100 ## - MAIN ENTRY--PERSONAL NAME
Personal name रोहेकर, शीला
245 ## - TITLE STATEMENT
Title पल्लीपार/
Statement of responsibility, etc शीला रोहेकर
250 ## - EDITION STATEMENT
Edition statement प्रथम
260 ## - PUBLICATION, DISTRIBUTION, ETC. (IMPRINT)
Place of publication, distribution, etc नोएडा, उ. प्र.
Name of publisher, distributor, etc सेतु प्रकाशन
Date of publication, distribution, etc 2022
270 ## - ADDRESS
Address सी-21, सेक्टर-65
City नोएडा, उ. प्र.
Postal code 201301
Electronic mail address setuprakashan@gmail.com
300 ## - PHYSICAL DESCRIPTION
Extent 446 पृ.
Dimensions 21 सेमी. (सजिल्द)
650 ## - SUBJECT ADDED ENTRY--TOPICAL TERM
Topical term or geographic name as entry element हिन्दी
942 ## - ADDED ENTRY ELEMENTS (KOHA)
Source of classification or shelving scheme Dewey Decimal Classification
Item type Hindi Books
Classification part
Call number suffix रोहेक
Holdings
Withdrawn status Lost status Not for loan Collection code Home library Current library Date acquired Source of acquisition Cost, normal purchase price Full call number Barcode Copy number Cost, replacement price Koha item type
      Fiction Shahdara Branch Shahdara Branch 19/09/2024 DBAD 1249.00 उ रोहेक HN-100782 1 1249.00 Hindi Books

© Delhi Public Library
Hit Counter
free hit counter